Hoàng Trung Thông một thời thơ văn
v.v...
Đã lưu trong:
| Tác giả chính: | |
|---|---|
| Định dạng: | Sách |
| Năm xuất bản: |
H.
Hội nhà văn
1998
|
| Chủ đề: | |
| Tags: |
Thêm thẻ
Không có thẻ, Hãy là người đầu tiên gắn thẻ bản ghi này!
|
| LEADER | 00664nam a2200181 4500 | ||
|---|---|---|---|
| 082 | |a 895.92213409 |b H 407 TR | ||
| 100 | |a Hoàng Trung Thông | ||
| 245 | |a Hoàng Trung Thông một thời thơ văn |c Hoàng Trung Thông, Phong Lan sưu tầm | ||
| 260 | |a H. |b Hội nhà văn |c 1998 | ||
| 300 | |a 433tr. |c 19cm | ||
| 520 | |a v.v... | ||
| 653 | |a Văn học | ||
| 653 | |a Việt Nam | ||
| 653 | |a Thơ | ||
| 653 | |a Phê bình văn học | ||
| 942 | |2 ddc |c SH | ||
| 999 | |c 1744 |d 1744 | ||
| 952 | |0 0 |1 0 |2 ddc |4 0 |6 895_922134090000000_H_407_TR |7 0 |8 800 |9 28485 |a qbu |b qbu |c D5 |d 2014-12-10 |g 36000 |o 895.92213409 H 407 TR |p 5395.C1 |r 0000-00-00 |w 2014-12-10 |y STK0 |0 0 |6 895_922134090000000_H_407_TR | ||